|
|
|
|
| LEADER |
00000cam a2200000 7i4500 |
| 001 |
0000070049 |
| 005 |
20031010.0 |
| 020 |
|
|
|a 1901919382
|
| 090 |
0 |
0 |
|a 382.09
|b EUR
|
| 245 |
0 |
4 |
|a The European Union, United States and Asean
|c edited by K.S. Nathan
|
| 260 |
|
|
|a London :
|b Asean Academic Press Ltd. ,
|c 2002
|
| 300 |
|
|
|a 398p. ;
|c 23cm.
|
| 651 |
|
0 |
|a Asia, Southeastern
|x Foreign economic relations
|z European Union Countries
|
| 651 |
|
0 |
|a United States
|x Foreign economic relations
|z Asia, Southeastern
|
| 651 |
|
0 |
|a United States
|x Foreign economic relations
|z European Union Countries
|
| 700 |
1 |
|
|a Nathan, K.S.
|
| 999 |
|
|
|a 00158659
|b BUKU
|c RUJUKAN
|e PERPUSTAKAAN KOMUNITI PETALING JAYA
|